00711nam a22001814a 450000500170000002000260001703700250004308200130006824501310008126000320021227000360024430000320028050400190031270000390033194200270037099900170039795201150041420100909112211.0 a9781844777679c595.00 bAbilash Book Centre 00a613.704610aYoga & pilates for everyone:cby Francoise Barbira Freedman...[et al] ba complete sourcebook of ...step-by-step photographs / aLondonbHermes House,c2007 a88-89, Blackfriars RoadbLondon a512p.:bphotos c24cm(pbk)  aIncludes index aFreedman, Francoise Barbira919070 2ddccENh613.7046mYOG c44664d44664 0010407-18NFICaAGbAGd2010-09-09g595.00l0o613.7046 YOGr2010-09-09 00:00:00t1v595.00w2010-09-09yEN